Представление документа в формате RUSMARC

ПолеНазваниеЗначение
  Тип записи a
  Библиографический уровень m
001 Контрольный номер ffc4adfeaac14938ac5338b8b8d9b0c4
005 Дата корректировки 20140602134521.1
010 Индекс ISBN __
a ISBN 978-5-4252-0104-1
101 Язык документа 0_
a Язык текста rus
102 Страна публикации __
a Страна публикации RU
200 Заглавие и сведения об ответственности 1_
a Заглавие Налоги. Интенсивный курс
f Первые сведения об ответственности Н. Л. Вещунова
210 Выходные данные 1_
c Издательство Рид Групп
a Место издания М.
d Дата издания 2011
215 Физическое описание __
a Объем 431, [1] с.
225 Серия 2_
a Серия Курс для начинающих
610 Ключевые слова 0_
a Ключевые слова налоги
610 Ключевые слова 0_
a Ключевые слова налогообложение
610 Ключевые слова 0_
a Ключевые слова налоговая система
610 Ключевые слова 0_
a Ключевые слова законодательство
610 Ключевые слова 0_
a Ключевые слова нормативные акты
610 Ключевые слова 0_
a Ключевые слова россия
610 Ключевые слова 0_
a Ключевые слова налог на добавленную стоимость
610 Ключевые слова 0_
a Ключевые слова ндс
610 Ключевые слова 0_
a Ключевые слова акцизы
610 Ключевые слова 0_
a Ключевые слова сборы
610 Ключевые слова 0_
a Ключевые слова налог на прибыль
610 Ключевые слова 0_
a Ключевые слова налог на имущество
610 Ключевые слова 0_
a Ключевые слова земельный налог
610 Ключевые слова 0_
a Ключевые слова транспортный налог
610 Ключевые слова 0_
a Ключевые слова страховые взносы
610 Ключевые слова 0_
a Ключевые слова налог на доходы физических лиц
610 Ключевые слова 0_
a Ключевые слова налог на природные ресурсы
610 Ключевые слова 0_
a Ключевые слова государственная пошлина
610 Ключевые слова 0_
a Ключевые слова единый налог
610 Ключевые слова 0_
a Ключевые слова налог на игорный бизнес
686 Индексы других классификаций __
a Классификационный индекс 65.9(2)261.413
2 Код системы rubbk
700 Автор _1
a Фамилия Вещунова
b Имя Н. Л.
g Полное личное имя Наталья Леонидовна
801 Источник записи _0
a Страна RU
b Организация РУК
c Дата составления 20111214
g Правила каталогизации PSBO
801 Источник записи _1
a Страна RU
b Организация РУК
c Дата составления 20111214
g Правила каталогизации PSBO
852 Данные о местонахождении __
j Шифр хранения ББК 65.9(2)26
i Авторский знак В 40
901 Тип документа __
t Тип документа m
938 Служебная информация __
a Название организации Головной вуз
b Имя БД BOOK
c Название АИБС АИБС ИРБИС